000 00459nam a22001697a 4500
003 NUST - PNEC
005 20170116180931.0
008 150906b xxu||||| |||| 00| 0 eng d
020 _a0434918237
040 _cLIBRARY
082 _a621.31924 SCA
100 _98303
_aScaddan, Brian
245 _aIEE wiring regulations : explained and illustrated
_cScaddan, Brain
260 _cc.1989
650 _98304
_aElectric wiring, Interior
_xEE
942 _2ddc
_cBK
999 _c65933
_d65933